[Event "AUTO-ADV-2745"]
[Site "http://www.queenalice.com/game.php?id=1146514"]
[Date "2013.1.29"]
[Round "1"]
[White "frankcasadio"]
[Black "verinho"]
[Result "0-1"]
[WhiteElo "1959"]
[BlackElo "1780"]

1. e4 c5 2. Bc4 Nc6 3. Nf3 g6 4. Nc3 Bg7 5. d3 Bxc3+ 6. bxc3 d6 7. Ng5 Ne5 8.
Bb3 h6 9. f4 Bg4 10. Qd2 hxg5 11. fxe5 Rh5 12. Qf2 Nh6 13. h4 f6 14. exf6 exf6
15. Bd5 Rb8 16. c4 Qe7 17. Bb2 f5 18. Kd2 gxh4 19. exf5 Qg5+ 20. Kc3 Nxf5 21.
Rae1+ Kd7 22. Kb3 b5 23. Be6+ Kc7 24. Bxf5 gxf5 25. Bc1 bxc4+ 26. Ka3 Qf6 27. d4
Rb6 28. c3 cxd4 29. Qxd4 Qxd4 30. cxd4 f4 31. Bxf4 Ra5# 0-1

[Event "AUTO-ADV-2745"]
[Site "http://www.queenalice.com/game.php?id=1146515"]
[Date "2013.1.29"]
[Round "1"]
[White "verinho"]
[Black "frankcasadio"]
[Result "0-1"]
[WhiteElo "1782"]
[BlackElo "1950"]

1. e4 e5 2. Nf3 Nc6 3. Bc4 Nd4 4. Nxd4 exd4 5. Qf3 Qf6 6. Qg3 d6 7. c3 Ne7 8.
O-O Ng6 9. d3 h6 10. f4 Bd7 11. f5 Ne5 12. Bb3 c5 13. cxd4 cxd4 14. Na3 Bc6 15.
Nc2 Be7 16. Nxd4 Rg8 17. Nxc6 Nxc6 18. Ba4 Qd4+ 19. Be3 Qxa4 20. e5 Nxe5 21. d4
Nd7 22. Bxh6 Qxd4+ 23. Kh1 Qf6 0-1

[Event "AUTO-ADV-2745"]
[Site "http://www.queenalice.com/game.php?id=1146524"]
[Date "2013.1.29"]
[Round "1"]
[White "tkasper"]
[Black "verinho"]
[Result "0-1"]
[WhiteElo "1517"]
[BlackElo "1784"]

1. e4 c5 2. Nc3 g6 3. Nf3 Bg7 4. Bd3 Nc6 5. Bc4 Nf6 6. O-O O-O 7. Re1 e6 8. d4
cxd4 9. Nb5 d5 10. Be2 dxe4 11. Ng5 h6 12. Nh3 e5 13. f3 Bxh3 14. g4 h5 15. gxh5
Nxh5 16. Bf1 Bxf1 17. Rxf1 d3 18. fxe4 Qb6+ 19. Kh1 Qxb5 20. cxd3 f5 21. Rg1 Nf4
22. a4 Qxd3 23. Qe1 Qf3+ 0-1

[Event "AUTO-ADV-2745"]
[Site "http://www.queenalice.com/game.php?id=1146525"]
[Date "2013.1.29"]
[Round "1"]
[White "verinho"]
[Black "tkasper"]
[Result "1-0"]
[WhiteElo "1774"]
[BlackElo "1512"]

1. e4 e5 2. Nf3 d6 3. Bc4 Nh6 4. d4 Ng4 5. Ng5 Nh6 6. dxe5 f6 7. exf6 Qxf6 8.
Nc3 c6 9. Qf3 d5 10. Qxf6 gxf6 11. exd5 fxg5 12. O-O b5 13. Re1+ Kd7 14. dxc6+
Kc7 15. Nd5+ Kd6 16. Bxb5 a6 17. Nb6 axb5 18. Nxa8 Kxc6 19. Bxg5 Nf7 20. Bf4 Na6
21. a4 Bd6 22. Bxd6 Nxd6 23. axb5+ Kb7 24. Rxa6 Nxb5 25. Rb6+ Kxa8 26. Rxb5 Rg8
27. Ra1+ 1-0

[Event "AUTO-OPEN-2904"]
[Site "http://www.queenalice.com/game.php?id=1146616"]
[Date "2013.1.29"]
[Round "1"]
[White "Marcos_Dal_Ri"]
[Black "verinho"]
[Result "0-1"]
[WhiteElo "1723"]
[BlackElo "1768"]

1. d4 d5 2. Nc3 Nc6 3. Nf3 Nf6 4. Bf4 e6 5. e3 Bb4 6. Bb5 Ne4 7. O-O O-O 8. Qe1
g5 9. Be5 f6 10. Bg3 Ne7 11. a3 Bxc3 12. bxc3 h5 13. h3 Nxg3 14. fxg3 c6 15. Ba4
Qa5 16. Bb3 c5 17. h4 g4 18. Nh2 c4 19. Ba2 Bd7 20. Bb1 e5 21. e4 exd4 22. cxd4
Qxe1 23. Rxe1 f5 24. e5 f4 25. gxf4 Rxf4 26. c3 Raf8 27. g3 Rf2 28. Ba2 Rc2 29.
Reb1 Rff2 30. Nf1 Rg2+ 31. Kh1 Rxa2 32. Rxa2 Rxa2 33. Rxb7 Ra1 34. Kg1 Nf5 35.
Rxd7 Nxg3 36. Rd8+ Kf7 37. Rd7+ Ke8 38. Rxa7 Nxf1 39. Ra8+ Ke7 40. Ra7+ Kd8 41.
Rf7 Ne3+ 42. Kf2 Rf1+ 43. Kxe3 Rxf7 0-1

[Event "AUTO-OPEN-2904"]
[Site "http://www.queenalice.com/game.php?id=1146617"]
[Date "2013.1.29"]
[Round "1"]
[White "verinho"]
[Black "Marcos_Dal_Ri"]
[Result "1-0"]
[WhiteElo "1762"]
[BlackElo "1738"]

1. d4 d5 2. Nf3 Bf5 3. g3 e6 4. Bf4 h6 5. Nh4 Bg4 6. h3 Bh5 7. Ng2 Bd6 8. Nc3
Nf6 9. Qd2 O-O 10. g4 Bg6 11. g5 Bxf4 12. Nxf4 hxg5 13. Nxg6 fxg6 14. Qxg5 Qe8
15. Rg1 Kh7 16. h4 Nh5 17. O-O-O Rf5 18. Qe3 Nc6 19. Bh3 Rf4 20. Qxe6 Qf8 21.
Qxg6+ Kg8 22. Qxh5 Rxf2 23. Rdf1 Qf4+ 24. Kb1 Rf8 25. Be6+ Rf7 26. Bxf7+ Qxf7
27. Qxf7+ Rxf7 28. Nxd5 Nxd4 29. Nf6+ 1-0

[Event "AUTO-OPEN-2904"]
[Site "http://www.queenalice.com/game.php?id=1146640"]
[Date "2013.1.29"]
[Round "1"]
[White "andrevillares"]
[Black "verinho"]
[Result "0-1"]
[WhiteElo "2029"]
[BlackElo "1773"]

1. d4 d5 2. c4 Nf6 3. cxd5 Qxd5 4. Nc3 Qd8 5. Nf3 Bf5 6. e3 e6 7. Be2 c5 8. O-O
Nc6 9. Qa4 Be7 10. Rd1 O-O 11. dxc5 Qc7 12. Nb5 Qa5 13. Qf4 Bxc5 14. Bd2 Qb6 15.
a3 Ne4 16. b4 Be7 17. Bd3 Nxd2 18. Rxd2 Bxd3 19. Nc7 Rad8 20. Rad1 Bd6 21. Qh4
Bxc7 22. Rxd3 Rxd3 23. Rxd3 Rd8 24. Qe4 Rxd3 25. Qxd3 Ne5 26. Nxe5 Bxe5 27. Qc4
g6 28. g3 Qc6 29. Qd3 Qd5 30. Qc2 g5 31. a4 f5 32. a5 g4 33. Qc8+ Kf7 34. Qc2
Bd6 35. Qb2 Qe5 36. Qd2 h5 37. Kg2 Qd5+ 38. Qxd5 exd5 39. f3 Bxb4 40. fxg4 fxg4
41. h3 Bxa5 42. hxg4 hxg4 43. Kf2 Ke6 0-1

[Event "AUTO-OPEN-2904"]
[Site "http://www.queenalice.com/game.php?id=1146641"]
[Date "2013.1.29"]
[Round "1"]
[White "verinho"]
[Black "andrevillares"]
[Result "0-1"]
[WhiteElo "1771"]
[BlackElo "2096"]

1. e4 c6 2. d4 d5 3. exd5 cxd5 4. Nf3 Nc6 5. c4 Bg4 6. Be2 e6 7. cxd5 exd5 8.
O-O Bd6 9. Nc3 Nf6 10. Ne5 Bxe2 11. Qxe2 O-O 12. Nxc6 bxc6 13. Bg5 h6 14. Bh4
Bc7 15. g3 g5 16. Bxg5 hxg5 17. f4 gxf4 18. gxf4 Nh7 19. Rf3 Qf6 20. Rg3+ Kh8
21. Qh5 Qxf4 22. Rg7 Kxg7 0-1

[Event "AUTO-OPEN-2904"]
[Site "http://www.queenalice.com/game.php?id=1146656"]
[Date "2013.1.29"]
[Round "1"]
[White "verinho"]
[Black "junipero"]
[Result "0-1"]
[WhiteElo "1777"]
[BlackElo "2022"]

1. e4 c5 2. Nf3 Nc6 3. Bc4 d6 4. d4 cxd4 5. Nxd4 e5 6. Nxc6 bxc6 7. Qf3 Nf6 8.
h3 Be7 9. O-O O-O 10. Nc3 h6 11. Qg3 Nh5 12. Qf3 Nf6 13. g4 Nh7 14. Qg3 Bg5 15.
f4 exf4 16. Bxf4 Bxf4 17. Rxf4 Qb6+ 18. Kg2 Be6 19. Bxe6 fxe6 20. Raf1 Rxf4 21.
Qxf4 e5 22. Qf7+ Kh8 23. Na4 Qb4 24. Nc3 Rf8 25. Qxa7 Qxb2 26. Rxf8+ Nxf8 27.
Qf2 Kg8 28. Qd2 Ne6 29. a4 Nf4+ 30. Kg3 Qb4 31. Qe3 g5 32. h4 gxh4+ 33. Kh2 Kg7
34. Qe1 Ne2 35. Qxe2 Qxc3 36. Qd3 Qb4 37. a5 Qxa5 38. Qxd6 Qc3 39. Qd3 Qxd3 40.
cxd3 Kg6 41. Kg2 Kg5 0-1

[Event "AUTO-OPEN-2904"]
[Site "http://www.queenalice.com/game.php?id=1146657"]
[Date "2013.1.29"]
[Round "1"]
[White "junipero"]
[Black "verinho"]
[Result "0-1"]
[WhiteElo "2066"]
[BlackElo "1733"]

1. d4 d5 2. c4 Nf6 3. Nc3 Nc6 4. e3 e5 5. dxe5 Nxe5 6. cxd5 Bb4 7. Bd2 O-O 8.
Nf3 Bg4 9. Be2 Bxf3 10. Bxf3 Nd3+ 11. Kf1 Nxb2 12. Qb3 Bxc3 13. Bxc3 Nd3 14.
Qxb7 Re8 15. g3 Ne4 16. Bxe4 Rxe4 17. d6 Rc4 18. dxc7 Rxc7 19. Qb3 Rb8 20. Qa3
Rcb7 21. Bd4 Rb1+ 22. Rxb1 Rxb1+ 23. Kg2 Qd5+ 24. f3 Rxh1 25. Kxh1 Qxf3+ 26. Kg1
Qf2+ 27. Kh1 Qf1# 0-1

[Event "AUTO-INT-2446"]
[Site "http://www.queenalice.com/game.php?id=1154301"]
[Date "2013.2.21"]
[Round "2"]
[White "verinho"]
[Black "norbertokruger"]
[Result "1-0"]
[WhiteElo "1784"]
[BlackElo "1822"]

1. d4 d6 2. c4 Nf6 3. Nc3 Bf5 4. Bg5 Nbd7 5. Bxf6 Nxf6 6. Qa4+ c6 7. d5 Qb6 8.
O-O-O O-O-O 9. e3 c5 10. Qb5 Qc7 11. a4 Bd7 12. Qb3 Ng4 13. Nh3 Ne5 14. f4 Bxh3
15. gxh3 Nf3 16. Be2 Nh4 17. Ne4 Ng2 18. Ng5 e5 19. Bg4+ Kb8 20. f5 f6 21. Ne6
Qe7 22. Nxd8 Qxd8 23. Qc3 h5 24. Be2 Rh6 25. Kc2 Nh4 26. e4 g6 27. Qg3 gxf5 28.
Qxh4 fxe4 29. Qxe4 Qa5 30. b3 Rh8 31. Qg6 Be7 32. Qg7 Qd8 33. Rhg1 Bf8 34. Qf7
Be7 35. Rg7 Rf8 36. Qxe7 Qxe7 37. Rxe7 Kc8 38. Bxh5 f5 39. Rf1 f4 40. Rf7 Rxf7
41. Bxf7 Kd8 42. Kd3 Ke7 43. Be6 Kf6 44. h4 Kg6 45. Rg1+ Kf6 46. h5 f3 47. Rg6+
Ke7 48. Ke3 e4 49. h6 1-0

[Event "AUTO-INT-2446"]
[Site "http://www.queenalice.com/game.php?id=1154302"]
[Date "2013.2.21"]
[Round "2"]
[White "norbertokruger"]
[Black "verinho"]
[Result "1-0"]
[WhiteElo "1806"]
[BlackElo "1815"]

1. e4 c5 2. Bc4 Nc6 3. Nf3 e5 4. d3 h6 5. a3 Nf6 6. Bd2 Nd4 7. Nxe5 d5 8. exd5
Nxd5 9. O-O Be7 10. Nxf7 Kxf7 11. Qh5+ Kf8 12. Bxd5 Qe8 13. Qd1 Qd7 14. c4 Rb8
15. Bc3 b5 16. Bxd4 cxd4 17. Qf3+ Qf5 18. Nd2 Qxf3 19. Bxf3 Bg5 20. Ne4 bxc4 21.
Nxg5 hxg5 22. dxc4 Rxb2 23. Rad1 g4 24. Bd5 Bb7 25. Rxd4 Bxd5 26. Rxd5 Rc2 27.
Rd8+ Kf7 28. Rxh8 Rxc4 29. f3 1-0

[Event "AUTO-INT-2446"]
[Site "http://www.queenalice.com/game.php?id=1154303"]
[Date "2013.2.21"]
[Round "2"]
[White "verinho"]
[Black "dontar"]
[Result "1-0"]
[WhiteElo "1803"]
[BlackElo "1701"]

1. d4 d5 2. g3 Bf5 3. Bh3 e6 4. Bxf5 exf5 5. Nf3 Nc6 6. O-O f6 7. b3 g5 8. Bb2
Bd6 9. Nc3 Nge7 10. a3 f4 11. e4 fxe3 12. fxe3 Qd7 13. e4 dxe4 14. Nxe4 Nd5 15.
c4 Ne3 16. Nxf6+ Ke7 17. Qe2 Qe6 18. d5 Nxd5 19. Nxd5+ Kd7 20. Qxe6+ Kxe6 21.
Rae1+ Kd7 22. Bxh8 Rxh8 23. Nxg5 Kc8 24. Nf7 Rf8 25. Nxd6+ 1-0

[Event "AUTO-INT-2446"]
[Site "http://www.queenalice.com/game.php?id=1154304"]
[Date "2013.2.21"]
[Round "2"]
[White "dontar"]
[Black "verinho"]
[Result "0-1"]
[WhiteElo "1689"]
[BlackElo "1802"]

1. e3 c5 2. Bb5 Nf6 3. Nc3 a6 4. Be2 d5 5. Nf3 Ne4 6. Nxe4 dxe4 7. Ne5 f6 8. Nc4
b5 9. Na3 Be6 10. d3 exd3 11. Qxd3 Qxd3 12. Bxd3 c4 13. Be4 Ra7 14. Bd2 f5 15.
Bf3 g5 16. Bc3 Rg8 17. h3 Rg6 18. Bh5 Nc6 19. Bxg6+ hxg6 20. f3 b4 21. Bd4 Nxd4
22. exd4 bxa3 23. bxa3 Rb7 24. O-O Rb2 25. c3 Rc2 26. Rfe1 Bd5 27. Re3 g4 28.
hxg4 fxg4 29. fxg4 Rxg2+ 30. Kf1 Rxg4 31. Kf2 Bh6 32. Re5 e6 33. Rg1 Rxg1 34.
Kxg1 Bd2 35. Kf2 Bxc3 36. Ke3 Bb2 37. a4 c3 38. Kd3 Bxa2 39. Re2 Bb3 0-1

[Event "REVANCHE 2"]
[Site "http://www.queenalice.com/game.php?id=1161905"]
[Date "2013.3.17"]
[Round "-"]
[White "NeyFLA"]
[Black "verinho"]
[Result "1-0"]
[WhiteElo "1815"]
[BlackElo "1789"]

1. e4 c5 2. Nf3 Nc6 3. d4 cxd4 4. Nxd4 Nxd4 5. Qxd4 Qa5+ 6. Nc3 e5 7. Qd3 Nf6 8.
Bd2 Bc5 9. Nd5 Bxf2+ 10. Kd1 Qc5 11. Nxf6+ gxf6 12. Be2 Bg1 13. c3 Qf2 14. Kc2
Rg8 15. Rhxg1 Rxg2 16. Rxg2 Qxg2 17. Rf1 d5 18. exd5 e4 19. Qb5+ Ke7 20. Qc5+
Ke8 21. Bb5+ Bd7 22. Bxd7+ Kxd7 23. Rxf6 Qg7 24. Rd6+ 1-0

[Event "Vou ganhar +1"]
[Site "http://www.queenalice.com/game.php?id=1166418"]
[Date "2013.3.30"]
[Round "-"]
[White "verinho"]
[Black "NeyFLA"]
[Result "1-0"]
[WhiteElo "1780"]
[BlackElo "1806"]

1. d4 d5 2. g3 Nf6 3. Bg5 h6 4. Bxf6 gxf6 5. Bh3 Bxh3 6. Nxh3 Nc6 7. O-O Bg7 8.
e3 e5 9. dxe5 fxe5 10. Qg4 Qf6 11. f4 exf4 12. Rxf4 Qe5 13. Nc3 Qxe3+ 14. Nf2
O-O 15. Nxd5 Ne5 16. Nxe3 1-0

[Event "AUTO-OPEN-2837"]
[Site "http://www.queenalice.com/game.php?id=1177657"]
[Date "2013.5.2"]
[Round "2"]
[White "solzhenitsyn"]
[Black "verinho"]
[Result "0-1"]
[WhiteElo "1837"]
[BlackElo "1833"]

1. e4 e5 2. Nf3 Nc6 3. Bb5 Bd6 4. O-O Nd4 5. Nxd4 exd4 6. d3 Nf6 7. Bg5 h6 8.
Bh4 g5 9. Bg3 Bxg3 10. fxg3 c6 11. Bc4 d5 12. exd5 Nxd5 13. Qe2+ Be6 14. Nd2 Ne3
15. Rf2 O-O 16. Bxe6 fxe6 17. Rxf8+ Qxf8 18. Nc4 Qc5 19. Nxe3 dxe3 20. Rf1 Rf8
21. Rxf8+ Kxf8 22. a3 g4 23. h4 Qe5 24. Kh2 h5 25. c3 b5 26. d4 Qe4 27. Kg1 Qb1+
28. Kh2 Qc1 29. b3 Qd2 30. Qf1+ Qf2 0-1

[Event "AUTO-OPEN-2837"]
[Site "http://www.queenalice.com/game.php?id=1177658"]
[Date "2013.5.2"]
[Round "2"]
[White "verinho"]
[Black "solzhenitsyn"]
[Result "1-0"]
[WhiteElo "1815"]
[BlackElo "1863"]

1. d4 d5 2. Nf3 Nf6 3. Bg5 Bg4 4. Bxf6 exf6 5. h3 Bxf3 6. exf3 Bb4+ 7. c3 Bd6 8.
Qe2+ Qe7 9. Qxe7+ Bxe7 10. c4 Bb4+ 11. Nc3 Bxc3+ 12. bxc3 dxc4 13. Bxc4 O-O 14.
Rb1 Re8+ 15. Kd2 b6 16. Rhe1 Rxe1 17. Rxe1 Nd7 18. Re7 Rd8 19. Bb5 Nf8 20. Rxc7
a5 21. Rb7 Rd6 22. Bc4 h6 23. Rxf7 1-0

[Event "Challenge"]
[Site "http://www.queenalice.com/game.php?id=1191587"]
[Date "2013.6.16"]
[Round "-"]
[White "verinho"]
[Black "NeyFLA"]
[Result "1-0"]
[WhiteElo "1849"]
[BlackElo "1644"]

1. d4 d5 2. Nf3 c5 3. dxc5 e6 4. b4 Nc6 5. Ba3 b6 6. b5 Na5 7. c6 Bxa3 8. Nxa3
Ne7 9. e4 a6 10. exd5 axb5 11. Bxb5 1-0

[Event "AUTO-OPEN-2837"]
[Site "http://www.queenalice.com/game.php?id=1212434"]
[Date "2013.8.28"]
[Round "3"]
[White "verinho"]
[Black "serrameira"]
[Result "1-0"]
[WhiteElo "1887"]
[BlackElo "2007"]

1. d4 d5 2. Nf3 Nc6 3. g3 Bg4 4. Bg2 e6 5. h3 Bf5 6. g4 Be4 7. O-O Bxf3 8. exf3
Bd6 9. f4 Nf6 10. g5 Nd7 11. f5 e5 12. dxe5 Ncxe5 13. Bxd5 c6 14. Bxc6 Be7 15.
Bxd7+ Qxd7 16. Qxd7+ Kxd7 17. Rd1+ Kc6 18. Kg2 Rhd8 19. Rxd8 Rxd8 20. f4 Nc4 21.
b3 Nd6 22. Ba3 Nxf5 23. Bxe7 Nxe7 24. Na3 Ng6 25. Kg3 Rd4 26. Nc4 Nxf4 27. Ne5+
Kd5 28. Nf3 Nh5+ 29. Kf2 Rf4 30. c4+ Ke4 31. Re1+ Kd3 32. Re3+ Kc2 33. Re2+ Kd3
34. Rd2+ Ke4 35. Rd4+ Kf5 36. Ke3 Rxd4 37. Kxd4 Nf4 38. h4 b6 39. Ne5 f6 40.
gxf6 gxf6 41. Nc6 Ne6+ 42. Ke3 a6 43. Kf3 Nc7 44. Ne7+ Ke6 45. Nc8 b5 46. Kf4 h5
47. a3 bxc4 48. bxc4 a5 49. a4 Ne8 50. c5 Kd5 51. Nd6 Nxd6 52. cxd6 Kxd6 53. Kf5
Ke7 54. Kg6 Ke6 55. Kxh5 f5 56. Kg5 Ke5 57. h5 f4 58. h6 Ke4 59. h7 f3 60. h8=Q
f2 61. Qh3 1-0

[Event "AUTO-OPEN-2837"]
[Site "http://www.queenalice.com/game.php?id=1212435"]
[Date "2013.8.28"]
[Round "3"]
[White "serrameira"]
[Black "verinho"]
[Result "0-1"]
[WhiteElo "2049"]
[BlackElo "1864"]

1. e4 e5 2. Nf3 Nc6 3. Bc4 f5 4. Nc3 Nf6 5. Ng5 Bc5 6. Nf7 Bxf2+ 7. Kxf2 Ng4+ 8.
Kg3 f4+ 9. Kf3 Nd4+ 10. Kxg4 h5+ 0-1